00379nam a22001097a 4500008004100000050002400041245005600065260003800121300002200159650006400181700002400245090316t xxu||||| |||| 00| 0 eng d aBX4827.N5bL42 1991 aThe legacy of H. Richard NeibuhrcRonal F. Thiemann aMinneapolisbFortress pressc1994 aix,148 p.;c22cm. 2Niebhur, H. Richard (Helmult Ricard), 1994-1962aCongresses aThiemann, Ronal F.